000 01043nam a2200265Ia 4500
003 OSt
005 20221005104042.0
006 a|||||r|||| 00| 0
007 ta
008 221004b |||||||| |||| 00| 0 san d
020 _a9788170844372 (hbk)
_c2000
024 _a7844
037 _b80, 16/10/2013, Vidyanidhi Prakashan
_cTextual
040 _aCRL
_cCRL
_bsan
041 _2san
_asan
082 _aP15:3, 152Q3.1-.3
100 _aरूद्रउमुन, पी. एस.
245 0 _aसुबोध - संस्कृतम्
246 _aSubodh - sanskṛutam
260 _aदिल्ली
_bचौखम्बा संस्कृत प्रतिष्ठान भारत
_c2013
490 _vखंड 1
_aचौखम्बा इण्डोलोजी स्टीज़; 10
650 _aहिन्दी भाषा
942 _hP15:3, 152Q3.1-.3
_cTEXL
_2cc
999 _c1011596
_d1011596